| 000 | 00682nam a2200217Ii 4500 | ||
|---|---|---|---|
| 003 | JO-AjNU | ||
| 008 | 230606s9999||||xx |||||||||||||| ||und|| | ||
| 020 | _a978-0-495-91047-3 | ||
| 040 |
_aJO-AjNU _beng _erda _cJO-AjNU |
||
| 041 | _aeng | ||
| 050 | 1 | 4 | _aPE1075.M64 2012 |
| 100 | 3 |
_aC.M.Millward تأليف/Hayes,Mary م.مشارك, _eauthor _92487 |
|
| 245 | 0 | 2 | _aA Biography OF The English Language |
| 250 | _a3 ed | ||
| 264 | 3 | 1 | _aUSA:Wadsworth Cengage Learning,2012 |
| 300 | _a478p | ||
| 336 |
_atext _btxt _2rdacontent |
||
| 337 |
_aunmediated _bn _2rdamedia |
||
| 338 |
_avolume _bnc _2rdacarrier |
||
| 650 | 4 |
_aA Biography OF The English Language-English Language _92488 |
|
| 999 |
_aE1302 _c1302 _d1302 |
||